Inventing Japan
Guardat en:
| Autor principal: | |
|---|---|
| Format: | Llibre |
| Idioma: | Undetermined |
| Publicat: |
New York
Prentice Hall
1991
|
| Matèries: | |
| Etiquetes: |
Afegir etiqueta
Sense etiquetes, Sigues el primer a etiquetar aquest registre!
|
| Thư viện lưu trữ: | Trung tâm Học liệu Trường Đại học Cần Thơ |
|---|
| LEADER | 00553nam a2200217Ia 4500 | ||
|---|---|---|---|
| 001 | CTU_97328 | ||
| 008 | 210402s9999 xx 000 0 und d | ||
| 082 | |a 952.04 | ||
| 082 | |b C466 | ||
| 100 | |a Chapman, William | ||
| 245 | 0 | |a Inventing Japan | |
| 245 | 0 | |c William Chapman | |
| 260 | |a New York | ||
| 260 | |b Prentice Hall | ||
| 260 | |c 1991 | ||
| 650 | |a Japan,Japan | ||
| 650 | |x Civilization,Cvilization | ||
| 650 | |y 1945 | ||
| 650 | |z American influences | ||
| 904 | |i Tuyến | ||
| 980 | |a Trung tâm Học liệu Trường Đại học Cần Thơ | ||